01243nam a22002057a 4500003001700000005001700017008004100034020001800075040000700093041001200100082001800112100002100130245006900151250000600220260002900226300002800255365006300283520064800346650004300994St Aloysius Coll20250818171510.0250814b |||||||| |||| 00| 0 eng d a9789360536923 cAL aEnglish a001.422bJACR aSherri L Jackson aResearch methods and statisticsb: a critical thinking approach a5 aNew DelhibCengagec2024 axx, 508p.bPBc24x18cm. 2Generala2646b₹852.00c₹d₹1065.00e20%f08/08/2025 aThe text offers a comprehensive approach to research methods in psychology, suitable for both classes with and without a prerequisite in statistics. It covers essential topics from science and measurement to experimental design and statistical analysis. The emphasis on critical thinking encourages students to evaluate research designs and apply analytical skills. The writing style is straightforward and engaging, aiming to simplify complex concepts. Pedagogical aids, such as learning objectives, key terms, summaries, and exercises, support student learning. The fifth edition includes reorganized chapters, and updated research examples. 2Research Methods aStatistical Methods